000 00317nam a2200133Ia 4500
008 230704s9999 xx 000 0 und d
020 _a9789374734711
100 _aDAS, P.C.
245 0 _aENVIRONMENTAL BIOLOGY
260 _bAITBS PUBLISHERS, INDIA
_c2021
300 _a231
650 _aEnvironment
942 _cBK
999 _c215806
_d215806